000 01179nam a22003497a 4500
003 CHAP
005 20220329134315.0
008 971013s1966 r 00010 d
010 _a18486
011 _a19458
035 _a23543
040 _cCHAP
090 _aTesis
100 0 0 _aAleman Aleman, Eloisa.
_93780
245 _aInvestigación socioeconómica directa de los ejidos de San Luis Potosí
260 _aMéxico, D.F., :
_bEl autor,
_c1966
300 _a191 p
502 _aTesis (Lic. en Economía) -- UNAM. Esc. Nal. de Economía
590 _aALEPH
_b10
_c20130110
_lUCH01
_h1241
590 _aBATCH-UPD
_b10
_c20130110
_lUCH01
_h0046
590 _aBATCH-UPD
_b10
_c20130110
_lUCH01
_h2147
590 _aBATCH-UPD
_b10
_c20130409
_lUCH01
_h2033
590 _aBATCH-UPD
_b10
_c20130410
_lUCH01
_h1456
590 _aBATCH-UPD
_b10
_c20130914
_lUCH01
_h1331
590 _aCONVERSION
_b10
_c20130109
_lUCH01
_h1311
650 1 4 _aEjidos
_xSan Luis Potosí.
_936028
650 1 4 _aSan Luis Potosí
_xCondiciones económicas.
_9101963
650 1 4 _aSan Luis Potosí
_xCondiciones sociales.
_9101965
901 _aBK
942 _cTESIS
949 _bBC
_cTES
_d-54742
_eTS1
_i23543
_si
999 _c18486
_d18486